<?xml version="1.0" encoding="UTF-8"?>
<record
    xmlns:xsi="http://www.w3.org/2001/XMLSchema-instance"
    xsi:schemaLocation="http://www.loc.gov/MARC21/slim http://www.loc.gov/standards/marcxml/schema/MARC21slim.xsd"
    xmlns="http://www.loc.gov/MARC21/slim">

  <leader>01002cam a2200253 i 4500</leader>
  <controlfield tag="001">84853</controlfield>
  <controlfield tag="003">BD-RjUL</controlfield>
  <controlfield tag="005">20250424115722.0</controlfield>
  <controlfield tag="008">801002s1977    ii            000 0 urdo </controlfield>
  <datafield tag="035" ind1=" " ind2=" ">
    <subfield code="a">(BD-RjUL)84853</subfield>
  </datafield>
  <datafield tag="040" ind1=" " ind2=" ">
    <subfield code="a">DLC</subfield>
    <subfield code="c">DLC</subfield>
    <subfield code="d">DLC</subfield>
    <subfield code="b">eng</subfield>
  </datafield>
  <datafield tag="041" ind1=" " ind2=" ">
    <subfield code="a">urd</subfield>
  </datafield>
  <datafield tag="082" ind1=" " ind2=" ">
    <subfield code="2">23</subfield>
    <subfield code="a">891.4391092</subfield>
    <subfield code="b">ANK 1977</subfield>
  </datafield>
  <datafield tag="100" ind1="1" ind2=" ">
    <subfield code="a">An&#x1E63;&#x101;r&#x12B;, &#x1E92;., =  &#x627;&#x646;&#x635;&#x627;&#x631;&#x649;&#x60C; &#x638;.&#x60C;</subfield>
    <subfield code="d">1925-</subfield>
    <subfield code="9">15317</subfield>
  </datafield>
  <datafield tag="245" ind1="1" ind2="0">
    <subfield code="a">&#x62E;&#x633;&#x631;&#x648; &#x6A9;&#x627; &#x630;&#x6C1;&#x646;&#x649; &#x633;&#x641;&#x631; = Khusrau k&#x101; z&#x332;ahn&#x12B; safar /</subfield>
    <subfield code="c">&#x1E92;. An&#x1E63;&#x101;r&#x12B;  =  .&#x627;&#x646;&#x635;&#x627;&#x631;&#x649;.&#x638;</subfield>
  </datafield>
  <datafield tag="260" ind1=" " ind2=" ">
    <subfield code="a">Na&#x2BC;&#x12B; Dihl&#x12B; :: </subfield>
    <subfield code="b">Anjuman Taraqq&#x12B;-yi Urd&#x16B;, Hind =: &#x627;&#x646;&#x62C;&#x645;&#x646; &#x62A;&#x631;&#x642;&#x6CC; &#x627;&#x631;&#x62F;&#x648;&#x60C; &#x6C1;&#x646;&#x62F;&#x60C;</subfield>
    <subfield code="c">1977.</subfield>
  </datafield>
  <datafield tag="300" ind1=" " ind2=" ">
    <subfield code="a">143 p. ;</subfield>
    <subfield code="c">23 cm.</subfield>
  </datafield>
  <datafield tag="490" ind1="1" ind2=" ">
    <subfield code="a">Silsilah-yi mat&#x324;b&#x16B;&#x2BB;&#x101;t-i Anjuman Taraqq&#x12B;-yi Urd&#x16B;, Hind ;</subfield>
    <subfield code="v">nambar 482</subfield>
  </datafield>
  <datafield tag="500" ind1=" " ind2=" ">
    <subfield code="a">In Urdu.</subfield>
  </datafield>
  <datafield tag="600" ind1="0" ind2="0">
    <subfield code="a">Am&#x12B;r Khusraw Dihlav&#x12B;,</subfield>
    <subfield code="d">approximately 1253-1325</subfield>
    <subfield code="x">Criticism and Interpretation.</subfield>
    <subfield code="9">15318</subfield>
  </datafield>
  <datafield tag="830" ind1=" " ind2="0">
    <subfield code="a">Silsilah-yi mat&#x324;b&#x16B;&#x2BB;&#x101;t-i Anjuman Taraqq&#x12B;-yi Urd&#x16B;, Hind ;</subfield>
    <subfield code="v">482.</subfield>
    <subfield code="9">15280</subfield>
  </datafield>
  <datafield tag="942" ind1=" " ind2=" ">
    <subfield code="2">ddc</subfield>
    <subfield code="c">BK</subfield>
  </datafield>
  <datafield tag="999" ind1=" " ind2=" ">
    <subfield code="c">84853</subfield>
    <subfield code="d">84853</subfield>
  </datafield>
  <datafield tag="952" ind1=" " ind2=" ">
    <subfield code="0">0</subfield>
    <subfield code="1">0</subfield>
    <subfield code="2">ddc</subfield>
    <subfield code="4">0</subfield>
    <subfield code="7">1</subfield>
    <subfield code="8">NFIC</subfield>
    <subfield code="a">RUCL</subfield>
    <subfield code="b">RUCL</subfield>
    <subfield code="c">Reading</subfield>
    <subfield code="d">2025-04-24</subfield>
    <subfield code="l">0</subfield>
    <subfield code="o">U 891.4391092 ANK 1977</subfield>
    <subfield code="r">2025-04-24 00:00:00</subfield>
    <subfield code="t">C-1</subfield>
    <subfield code="w">2025-04-24</subfield>
    <subfield code="y">BK</subfield>
  </datafield>
</record>
